| 000 | 01937nam0a2200301 4500 | ||
|---|---|---|---|
| 001 | RU\NLR\bibl\1204184 | ||
| 005 | 20260407093427.0 | ||
| 035 | _a(NLR Aleph) 001190667 | ||
| 090 |
_a1715283 _c1715283 |
||
| 100 | _a20080321d2007 |||y0rusy50 ca | ||
| 101 | 0 | _arus | |
| 102 | _aRU | ||
| 105 | _aa ||||||||| | ||
| 200 | 1 |
_aРоссийская Федерация. Официальные символы России, Алтайского края и муниципальных образований _eсборник информационно-методических материалов _fАлт. краев. универс. науч. б-ка им. В.Я. Шишкова, Науч.-метод. отд. _g[сост.: Л.А. Медаедева, Ю.Н. Солдатова _gред. Т.В. Смелова] |
|
| 210 |
_aБарнаул _cАКУНБ _d2007 |
||
| 215 |
_a68 с., [4] л. цв. ил., нот. _cил. _d21 |
||
| 320 | _aБиблиогр.: с. 61-67 | ||
| 606 | 1 |
_aСимволика государственная _jЗаконодательные материалы _yРоссийская Федерация _92082648 _3RU\NLR\auth\661258675 |
|
| 606 | 1 |
_aСимволика государственная _jЗаконодательные материалы _yАлтайский край _92507167 _3RU\NLR\auth\661486579 |
|
| 686 | _aХ620.8-39(2Р)21 | ||
| 702 | 1 |
_4220 _8rus _7ca _aМедведева _bЛ. А. _cбиблиотекарь _gЛидия Анатольевна _3RU\NLR\auth\7775543 _958471 |
|
| 702 | 1 |
_4340 _8rus _7ca _aСмелова _bТ. В. _gТатьяна Васильевна _3RU\NLR\auth\7775544 _958472 |
|
| 712 | 0 | 2 |
_4570 _aАлтайская краевая универсальная научная библиотека им. В. Я. Шишкова _cБарнаул _3RU\NLR\AUTH\889917125 _9330421 |
| 801 | 0 |
_aRU _bNLR _c20080321 _gRCR |
|
| 801 | 1 |
_aRU _bNLR _c20080321 |
|
| 942 | _cBOOK | ||
| 980 | _aNB | ||